[Event "Commonwealth-ch"]
[Site "Nagpur"]
[Date "2008.10.01"]
[Round "5"]
[White "Premnath, Ramanathan"]
[Black "Suraj, M."]
[Result "1-0"]
[WhiteElo "2257"]
[BlackElo "2058"]
[PlyCount "123"]
[EventDate "2008.09.28"]
[EventType "swiss"]
[EventRounds "11"]
[EventCountry "IND"]
[SourceTitle "CBM 126 Extra"]
[Source "ChessBase"]
[SourceDate "2008.11.05"]
[SourceVersion "1"]
[SourceVersionDate "2008.11.05"]
[SourceQuality "1"]

1. d4 d5 2. c4 c6 3. Nc3 Nf6 4. e3 a6 5. Qc2 b5 6. b3 g6 7. Bd3 Bg7 8. Nf3 Nbd7 9. 0-0 0-0 10. Bb2 Re8 11. e4 b4 12. Na4 dxe4 13. Bxe4 Nxe4 14. Qxe4 Qc7 15. Ne5 Nxe5 16. dxe5 Bf5 17. Qe3 Rad8 18. Nc5 a5 19. h3 h5 20. a3 Ra8 21. Ra2 f6 22. Rfa1 bxa3 23. Rxa3 fxe5 24. Bc3 e4 25. Bxg7 Kxg7 26. b4 a4 27. Qxe4 Bxe4 28. Ne6+ Kf6 29. Nxc7 Bc2 30. Rc3 Bb3 31. b5 cxb5 32. cxb5 Rec8 33. Rc6+ Ke5 34. Nxa8 Rxa8 35. Ra6 Rb8 36. b6 Kd4 37. Rc1 e6 38. Rc7 a3 39. Rxa3 Rxb6 40. h4 Ke5 41. Kh2 Rb5 42. Kg3 Bd5 43. f3 Rb7 44. Rxb7 Bxb7 45. Re3+ Kf5 46. Rb3 Bd5 47. Rb8 Bc4 48. Rf8+ Ke5 49. Kf2 Bd3 50. g4 Bc2 51. Ke3 Kd6 52. Rh8 hxg4 53. fxg4 Ke7 54. Kf4 Kf6 55. g5+ Kg7 56. Rc8 Bf5 57. Ke5 Kf7 58. Rc7+ Kf8 59. Kf6 Kg8 60. h5 gxh5 61. g6 e5 62. Rc8+ 1-0

[Event "Commonwealth-ch"]
[Site "Nagpur"]
[Date "2008.09.28"]
[Round "1"]
[White "Gupta, Abhijeet"]
[Black "Suraj, M."]
[Result "1-0"]
[WhiteElo "2551"]
[BlackElo "2058"]
[PlyCount "57"]
[EventDate "2008.09.28"]
[EventType "swiss"]
[EventRounds "11"]
[EventCountry "IND"]
[SourceTitle "CBM 126 Extra"]
[Source "ChessBase"]
[SourceDate "2008.11.05"]
[SourceVersion "1"]
[SourceVersionDate "2008.11.05"]
[SourceQuality "1"]

1. d4 d5 2. c4 c6 3. Nc3 Nf6 4. Nf3 a6 5. g3 dxc4 6. a4 Nd5 7. Bg2 b5 8. axb5 Nxc3 9. bxc3 cxb5 10. Ne5 Ra7 11. d5 Bb7 12. 0-0 Ra8 13. Bf4 Nd7 14. Nc6 Qb6 15. Na5 Nc5 16. Be3 Rb8 17. Qd4 e6 18. Nxb7 Rxb7 19. d6 Qxd6 20. Qxd6 Bxd6 21. Bxc5 Rd7 22. Rfd1 Ke7 23. Rxd6 Rxd6 24. Rxa6 Rhd8 25. Rb6 e5 26. Bd5 f5 27. f3 R8d7 28. e4 fxe4 29. fxe4 1-0